000 00313nam a22001457a 4500
008 210609b ||||| |||| 00| 0 eng d
020 _a9780878915644
041 _aeng
080 _a510
082 _a510
100 _a36
101 _aMAT
245 _aThe High School Tutor Algebra
_cREA
942 _2udc
_cBK
999 _c58097
_d58097